000 00547nam a22001817a 4500
005 20231206132138.0
008 231206b |||||||| |||| 00| 0 eng d
020 _a9780702178641
041 _aEnglish
082 _a348 JUT
100 _lEnglish
245 _aJuta's Statutes of South Africa /
_cJUTA'S LAW STATUTES EDITORS
250 _aSixteenth Edition
260 _aCape Town :
_bJuta and Company Ltd,
_c2006
300 _b414 pages ;
_c26,5 cm.
650 _aLegal practice
_bLaw
942 _cBK
_6ALISON_BN_VRIES
999 _c1149
_d1149